Sleeping beauty (Record no. 704774)

MARC details
000 -LEADER
fixed length control field 00466nam a2200169Ia 4500
005 - DATE AND TIME OF LATEST TRANSACTION
control field 20241107101157.0
008 - FIXED-LENGTH DATA ELEMENTS--GENERAL INFORMATION
fixed length control field 220701s9999 xx 000 0 und d
020 ## - INTERNATIONAL STANDARD BOOK NUMBER
International Standard Book Number <a href="9780857264268">9780857264268</a>
Qualifying information (hbk)
040 ## - CATALOGING SOURCE
Original cataloging agency RDA
Transcribing agency 3228
082 ## - DEWEY DECIMAL CLASSIFICATION NUMBER
Classification number EKF SLEE
942 ## - ADDED ENTRY ELEMENTS
Creator ID 561
Creator Name John Tresidder
Modifier ID 162
Modifier Name Elsie Maluleke
245 #0 - TITLE STATEMENT
Title Sleeping beauty
260 ## - PUBLICATION, DISTRIBUTION, ETC.
Place of publication, distribution, etc. Bath:
Name of publisher, distributor, etc. Parragon Books;
Date of publication, distribution, etc. 2014.
300 ## - PHYSICAL DESCRIPTION
Extent 29 Pages
Other physical details Colour illustrations
Dimensions 16.5 cm
521 ## - TARGET AUDIENCE NOTE
Target audience note Children
942 ## - ADDED ENTRY ELEMENTS
item type Books
Source of classification or shelving scheme Dewey Decimal Classification
Holdings
Withdrawn status Lost status Damaged status Not for loan Home library Current library Date acquired Cost, normal purchase price Total Checkouts Barcode Date last seen Price effective from item type Public note Source of classification or shelving scheme Full call number Date due Date last checked out
        Chromeville PL (MMID-PLST-CHRO) Chromeville PL (MMID-PLST-CHRO) 04.07.2022 35.00   3390900074899 04.07.2022 04.07.2022 Books 795/16        
        LYDENBURG REGIONAL LIBRARY MP Stream 07.11.2024   1 33228031102981 22.06.2026 07.11.2024 Books   Dewey Decimal Classification EKF SLEE 06.07.2026 22.06.2026